[Event "FRA-chT1 0910"]
[Site "France"]
[Date "2009.11.21"]
[Round "4.7"]
[White "Canneva, Florian"]
[Black "Robert, Bastien"]
[Result "0-1"]
[WhiteElo "2095"]
[BlackElo "2044"]
[PlyCount "62"]
[EventDate "2009.09.27"]
[EventType "team-tourn"]
[EventRounds "11"]
[EventCountry "FRA"]
[SourceTitle "EXT 2011"]
[Source "ChessBase"]
[SourceDate "2010.11.26"]
[SourceVersion "1"]
[SourceVersionDate "2010.11.26"]
[SourceQuality "1"]

1. e4 c5 2. Nf3 Nc6 3. d4 cxd4 4. Nxd4 e5 5. Nb5 d6 6. N1c3 a6 7. Na3 b5 8. Nd5 Nge7 9. c4 Nxd5 10. exd5 Nd4 11. cxb5 Be7 12. Be3 0-0 13. Bxd4 exd4 14. Bd3 Bf6 15. 0-0 Be5 16. bxa6 Bxa6 17. Bxa6 Rxa6 18. Qd3 Ra5 19. Nc4 Rxd5 20. b4 Qb8 21. a3 Bxh2+ 22. Kxh2 Rh5+ 23. Kg1 d5 24. g3 dxc4 25. Qxc4 Qb7 26. f3 Qd7 27. Qe2 Re8 28. Qf2 d3 29. Rad1 Re2 30. Qxe2 dxe2 31. Rxd7 Rh1+ 0-1

[Event "FRA-chT1A 0809"]
[Site "France"]
[Date "2009.03.14"]
[Round "8.5"]
[White "Burnier, David"]
[Black "Canneva, Florian"]
[Result "0-1"]
[WhiteElo "2312"]
[BlackElo "2114"]
[PlyCount "66"]
[EventDate "2008.10.19"]
[EventType "team-tourn"]
[EventRounds "11"]
[EventCountry "FRA"]
[SourceTitle "EXT 2010"]
[Source "ChessBase"]
[SourceDate "2010.11.25"]
[SourceVersion "1"]
[SourceVersionDate "2010.11.25"]
[SourceQuality "1"]
[WhiteTeam "Besancon TPG"]
[BlackTeam "Cannes II"]
[WhiteTeamCountry "FRA"]
[BlackTeamCountry "FRA"]

1. d4 Nf6 2. c4 g6 3. Nc3 Bg7 4. e4 d6 5. Bd3 e5 6. d5 Nbd7 7. Nge2 a5 8. 0-0 0-0 9. Rb1 Nc5 10. Bc2 Nh5 11. Be3 f5 12. exf5 gxf5 13. f4 Qe7 14. fxe5 Bxe5 15. Qd2 Bd7 16. Bg5 Qe8 17. Kh1 Qg6 18. g4 Ng7 19. Rg1 Ne4 20. Nxe4 fxe4 21. Qe3 Rf3 22. Qxf3 exf3 23. Bxg6 hxg6 24. Nc3 Rf8 25. Rbf1 c6 26. Be3 b5 27. cxb5 cxd5 28. Nxd5 Bxb5 29. Rf2 Ne6 30. Rc1 Nc5 31. Bxc5 dxc5 32. Rxc5 Bd4 33. Rxf3 Bxc5 0-1

[Event "FRA-chT1A 0809"]
[Site "France"]
[Date "2008.12.14"]
[Round "5.8"]
[White "Abbey, Anate"]
[Black "Canneva, Florian"]
[Result "0-1"]
[WhiteElo "1631"]
[BlackElo "2114"]
[PlyCount "23"]
[EventDate "2008.10.19"]
[EventType "team-tourn"]
[EventRounds "11"]
[EventCountry "FRA"]
[SourceTitle "EXT 2010"]
[Source "ChessBase"]
[SourceDate "2010.11.25"]
[SourceVersion "1"]
[SourceVersionDate "2010.11.25"]
[SourceQuality "1"]
[WhiteTeam "Noisy le Grand"]
[BlackTeam "Cannes II"]
[WhiteTeamCountry "FRA"]
[BlackTeamCountry "FRA"]

1. c4 Nf6 2. Nc3 g6 3. d4 Bg7 4. e4 d6 5. f3 0-0 6. Be3 Nbd7 7. Nge2 e5 8. Qd2 c6 9. g4 b6 10. a4 exd4 11. Nxd4 Nc5 12. Qc2 0-1

[Event "FRA-chT1A 0809"]
[Site "France"]
[Date "2008.12.13"]
[Round "4.4"]
[White "Canneva, Florian"]
[Black "Silva Lillo, Sebastian"]
[Result "0-1"]
[WhiteElo "2114"]
[BlackElo "2369"]
[PlyCount "56"]
[EventDate "2008.10.19"]
[EventType "team-tourn"]
[EventRounds "11"]
[EventCountry "FRA"]
[SourceTitle "EXT 2010"]
[Source "ChessBase"]
[SourceDate "2010.11.25"]
[SourceVersion "1"]
[SourceVersionDate "2010.11.25"]
[SourceQuality "1"]
[WhiteTeam "Cannes II"]
[BlackTeam "Clichy II"]
[WhiteTeamCountry "FRA"]
[BlackTeamCountry "FRA"]

1. e4 c5 2. Nf3 Nc6 3. d4 cxd4 4. Nxd4 g6 5. Nc3 Bg7 6. Be3 Nf6 7. Bc4 d6 8. f3 Qb6 9. Nf5 Qxb2 10. Nxg7+ Kf8 11. Nd5 Nxd5 12. Qxd5 Qxa1+ 13. Kf2 Qxg7 14. Bh6 Be6 15. Bxg7+ Kxg7 16. Qb5 Bxc4 17. Qxc4 Rac8 18. f4 Rc7 19. Re1 Rhc8 20. Re2 b6 21. h4 Nd8 22. Qa4 e5 23. f5 Nc6 24. Qa3 Nd4 25. f6+ Kxf6 26. Qxd6+ Ne6 27. g4 Rc5 28. Rd2 Rd8 0-1

[Event "FRA-chT1A 0809"]
[Site "France"]
[Date "2008.11.08"]
[Round "2.7"]
[White "Canneva, Florian"]
[Black "Langevin, Philippe"]
[Result "1/2-1/2"]
[WhiteElo "2114"]
[BlackElo "2121"]
[PlyCount "70"]
[EventDate "2008.10.19"]
[EventType "team-tourn"]
[EventRounds "11"]
[EventCountry "FRA"]
[SourceTitle "EXT 2010"]
[Source "ChessBase"]
[SourceDate "2010.11.25"]
[SourceVersion "1"]
[SourceVersionDate "2010.11.25"]
[SourceQuality "1"]
[WhiteTeam "Cannes II"]
[BlackTeam "Hyeres"]
[WhiteTeamCountry "FRA"]
[BlackTeamCountry "FRA"]

1. e4 e6 2. d4 d5 3. Nc3 Nf6 4. Bg5 Be7 5. e5 Ne4 6. Nxe4 dxe4 7. Be3 f5 8. exf6 Bxf6 9. c3 0-0 10. Bc4 Kh8 11. Ne2 Nc6 12. Ng3 e5 13. d5 Ne7 14. Nxe4 Nf5 15. Bc5 Be7 16. Bxe7 Qxe7 17. 0-0 Qh4 18. Qe2 Nd6 19. Nxd6 cxd6 20. g3 Qh6 21. Bd3 Bh3 22. Rfe1 Rf6 23. Be4 Raf8 24. f3 g5 25. g4 Qh4 26. Bf5 h5 27. Qe4 hxg4 28. fxg4 Bxg4 29. Qxg4 Rxf5 30. Qxh4+ gxh4 31. Re4 Rf4 32. Rxf4 Rxf4 33. Rf1 Rg4+ 34. Kf2 Kg7 35. h3 Rf4+ 1/2-1/2

[Event "FRA-chT1A 0809"]
[Site "France"]
[Date "2008.10.19"]
[Round "1.7"]
[White "Bressac, Stephane"]
[Black "Canneva, Florian"]
[Result "1-0"]
[WhiteElo "2101"]
[BlackElo "2114"]
[PlyCount "118"]
[EventDate "2008.10.19"]
[EventType "team-tourn"]
[EventRounds "11"]
[EventCountry "FRA"]
[SourceTitle "EXT 2010"]
[Source "ChessBase"]
[SourceDate "2010.11.25"]
[SourceVersion "1"]
[SourceVersionDate "2010.11.25"]
[SourceQuality "1"]
[WhiteTeam "Nice"]
[BlackTeam "Cannes II"]
[WhiteTeamCountry "FRA"]
[BlackTeamCountry "FRA"]

1. e4 c5 2. Nf3 Nc6 3. d4 cxd4 4. Nxd4 g6 5. Nc3 Bg7 6. Be3 Nf6 7. Bc4 Qa5 8. 0-0 0-0 9. Bb3 d6 10. f3 Bd7 11. Qd2 Nxd4 12. Bxd4 Bc6 13. Rad1 Qc7 14. Rfe1 Nd7 15. Bxg7 Kxg7 16. Qd4+ Kg8 17. Kh1 a5 18. Nd5 Bxd5 19. exd5 Nf6 20. c3 b5 21. a4 Rfb8 22. Re2 Qa7 23. Qd3 Qc5 24. axb5 Qxb5 25. Qxb5 Rxb5 26. Ba4 Rbb8 27. b3 Ra7 28. c4 Kf8 29. Rde1 Nh5 30. Bb5 Nf4 31. Rd2 g5 32. Ra1 Ng6 33. Rda2 e6 34. dxe6 fxe6 35. Rxa5 Rxa5 36. Rxa5 d5 37. Kg1 d4 38. Kf2 Nf4 39. c5 Ke7 40. g3 Nd5 41. Bc4 Ne3 42. Ra7+ Kf6 43. Ke2 Nxc4 44. bxc4 Ke5 45. Rxh7 Rb2+ 46. Kd3 Rb3+ 47. Kd2 Rxf3 48. c6 Rc3 49. c7 Rxc4 50. h4 gxh4 51. gxh4 Rc3 52. Rf7 Kd6 53. h5 e5 54. h6 e4 55. h7 e3+ 56. Kd1 d3 57. h8Q e2+ 58. Kd2 Rc2+ 59. Kxd3 e1N+ 1-0

[Event "FRA-chT2 0405"]
[Site "France"]
[Date "2005.03.12"]
[Round "8.7"]
[White "Canneva, Florian"]
[Black "Rodrigues, Emmanuel"]
[Result "1/2-1/2"]
[WhiteElo "2074"]
[BlackElo "2104"]
[PlyCount "80"]
[EventDate "2004.10.10"]
[EventType "team"]
[EventRounds "11"]
[EventCountry "FRA"]
[SourceTitle "EXT 2006"]
[Source "ChessBase"]
[SourceDate "2005.11.24"]
[SourceVersion "1"]
[SourceVersionDate "2005.11.24"]
[SourceQuality "1"]
[WhiteTeam "Cannes II"]
[BlackTeam "Grenoble"]
[WhiteTeamCountry "FRA"]
[BlackTeamCountry "FRA"]

1. e4 e5 2. Nf3 Nc6 3. Bb5 a6 4. Ba4 Nf6 5. 0-0 Be7 6. Re1 b5 7. Bb3 Bb7 8. c3 d5 9. exd5 Nxd5 10. Nxe5 Nxe5 11. Rxe5 Nf4 12. Rf5 Qd6 13. d4 Nxg2 14. Bxf7+ Kd8 15. Qg4 g6 16. Re5 Nh4 17. Nd2 Qf6 18. Bd5 Qxe5 19. dxe5 Bxd5 20. Ne4 h5 21. Qd1 c6 22. Bg5 Rf8 23. Bxh4 Bxh4 24. Qd4 Rf4 25. Qb6+ Ke8 26. Nf6+ Bxf6 27. exf6 Rg4+ 28. Kf1 Bc4+ 29. Ke1 Re4+ 30. Kd2 Rd8+ 31. Kc2 Re2+ 32. Kc1 Re1+ 33. Kc2 Re2+ 34. Kc1 Rdd2 35. Qb8+ Kf7 36. Qc7+ Ke6 37. Qxc6+ Kf7 38. Qc7+ Ke6 39. Qc6+ Kf5 40. Qf3+ Ke6 1/2-1/2

[Event "FRA-chT2 0405"]
[Site "France"]
[Date "2004.11.06"]
[Round "2.6"]
[White "Genestous, Patrick"]
[Black "Canneva, Florian"]
[Result "0-1"]
[WhiteElo "2119"]
[BlackElo "2074"]
[PlyCount "56"]
[EventDate "2004.10.10"]
[EventType "team"]
[EventRounds "11"]
[EventCountry "FRA"]
[SourceTitle "EXT 2006"]
[Source "ChessBase"]
[SourceDate "2005.11.24"]
[SourceVersion "1"]
[SourceVersionDate "2005.11.24"]
[SourceQuality "1"]

1. d4 Nf6 2. Nf3 g6 3. Bg5 Bg7 4. Nbd2 d5 5. c3 0-0 6. Bxf6 Bxf6 7. e4 dxe4 8. Nxe4 Bg7 9. Bc4 Nd7 10. h4 h5 11. Nfg5 Nb6 12. Be2 e5 13. Bxh5 gxh5 14. Ng3 exd4 15. Qxh5 Re8+ 16. Kf1 Qf6 17. Qh7+ Kf8 18. Qe4 Rxe4 19. Nh7+ Ke7 20. Nxf6 Re5 21. Nfh5 Bh8 22. cxd4 Rb5 23. Re1+ Be6 24. f4 Kd7 25. b3 Bg4 26. Re5 Bxe5 27. fxe5 Bxh5 28. Nxh5 c5 0-1

[Event "FRA-chT2 0405"]
[Site "France"]
[Date "2004.10.10"]
[Round "1.5"]
[White "Canneva, Florian"]
[Black "Nekam Tchassem, Arnaud"]
[Result "0-1"]
[WhiteElo "2074"]
[BlackElo "2115"]
[PlyCount "112"]
[EventDate "2004.10.10"]
[EventType "team"]
[EventRounds "11"]
[EventCountry "FRA"]
[SourceTitle "EXT 2006"]
[Source "ChessBase"]
[SourceDate "2005.11.24"]
[SourceVersion "1"]
[SourceVersionDate "2005.11.24"]
[SourceQuality "1"]
[WhiteTeam "Cannes II"]
[BlackTeam "Echiquier Nicois  II"]
[WhiteTeamCountry "FRA"]
[BlackTeamCountry "FRA"]

1. e4 c5 2. Nf3 d6 3. d4 cxd4 4. Nxd4 Nf6 5. Nc3 a6 6. Bg5 e6 7. f4 Qb6 8. Nb3 Nbd7 9. Qf3 Be7 10. 0-0-0 Qc7 11. Bd3 b5 12. Bxf6 Nxf6 13. f5 b4 14. Ne2 e5 15. g4 a5 16. g5 Nd7 17. Rhg1 a4 18. Nd2 Nc5 19. Bb5+ Bd7 20. Bxd7+ Qxd7 21. f6 gxf6 22. gxf6 Bf8 23. Kb1 Qb5 24. Nc1 Rc8 25. Qe2 Qc6 26. Nd3 Qb5 27. Nf4 Qxe2 28. Nxe2 Kd7 29. Ng3 Ke6 30. Nf3 Kxf6 31. Rgf1 Rg8 32. Nh4+ Ke6 33. Nhf5 Rg5 34. Rd2 Nxe4 35. Nxe4 Rxf5 36. Rxf5 Kxf5 37. Nxd6+ Bxd6 38. Rxd6 Rg8 39. Kc1 Rg1+ 40. Kd2 Rg2+ 41. Kd3 Rxh2 42. Rb6 Rh4 43. Ra6 a3 44. bxa3 bxa3 45. c3 Rh3+ 46. Kc4 h5 47. Rxa3 Kf4 48. Rb3 f5 49. a4 e4 50. a5 Rd3 51. a6 Rd8 52. a7 Ra8 53. Ra3 e3 54. Kd3 Kf3 55. Ra1 e2 56. c4 Rxa7 0-1

[Event "FRA-chT2 0304a"]
[Site "France"]
[Date "2004.01.17"]
[Round "5.8"]
[White "Pagnoncelli, Herve"]
[Black "Canneva, Florian"]
[Result "0-1"]
[WhiteElo "1870"]
[BlackElo "2094"]
[PlyCount "46"]
[EventDate "2003.10.??"]
[EventType "team"]
[EventRounds "11"]
[EventCountry "FRA"]
[SourceTitle "EXT 2005"]
[Source "ChessBase"]
[SourceDate "2004.11.15"]
[SourceVersion "1"]
[SourceVersionDate "2004.11.15"]
[SourceQuality "1"]
[WhiteTeam "Condom"]
[BlackTeam "Cannes II"]
[WhiteTeamCountry "FRA"]
[BlackTeamCountry "FRA"]

1. d4 Nf6 2. c4 g6 3. Nc3 Bg7 4. e4 d6 5. f4 0-0 6. Be2 c5 7. d5 a6 8. Nf3 b5 9. cxb5 axb5 10. Bxb5 Qa5 11. Bd3 Nxd5 12. 0-0 Nxc3 13. bxc3 Bxc3 14. Bd2 Bxd2 15. Nxd2 Ba6 16. Nc4 Qc7 17. Rb1 Nd7 18. Qc2 Rfb8 19. a4 Rb4 20. Ra1 Nb6 21. Nxb6 Bxd3 22. Nxa8 Qa7 23. Qxd3 c4+ 0-1

[Event "FRA-chT2S"]
[Site "France"]
[Date "2003.01.18"]
[Round "5.7"]
[White "Canneva, Florian"]
[Black "Leignel, Nicolas"]
[Result "0-1"]
[WhiteElo "2090"]
[BlackElo "2152"]
[PlyCount "50"]
[EventDate "2002.10.??"]
[EventType "team"]
[EventRounds "11"]
[EventCountry "FRA"]
[SourceTitle "EXT 2004"]
[Source "ChessBase"]
[SourceDate "2003.11.25"]
[SourceVersion "1"]
[SourceVersionDate "2003.11.25"]
[SourceQuality "1"]

1. e4 d6 2. d4 Nf6 3. Nc3 Nbd7 4. Nf3 e5 5. Bc4 Be7 6. Ng5 0-0 7. Bxf7+ Rxf7 8. Ne6 Qe8 9. Nxc7 Qd8 10. Nxa8 b5 11. f3 Ba6 12. dxe5 Nxe5 13. Nd5 Nxd5 14. Qxd5 Bh4+ 15. Kd1 Bb7 16. Qxb5 Bc6 17. Qb3 d5 18. Be3 dxe4+ 19. Kc1 Qxa8 20. Rd1 exf3 21. gxf3 Bxf3 22. Rd4 Bf6 23. Rb4 Nd7 24. Bf4 Bd5 25. Qd3 Nc5 0-1

[Event "Martinez op-A"]
[Site "Cannes"]
[Date "2000.08.03"]
[Round "6"]
[White "Flear, Christine"]
[Black "Canneva, Florian"]
[Result "1-0"]
[WhiteElo "2230"]
[BlackElo "2083"]
[PlyCount "111"]
[EventDate "2000.07.29"]
[EventType "swiss"]
[EventRounds "9"]
[EventCountry "FRA"]
[SourceTitle "EXT 2001"]
[Source "ChessBase"]
[SourceDate "2000.11.22"]
[SourceVersion "1"]
[SourceVersionDate "2000.11.22"]
[SourceQuality "1"]

1. d4 Nf6 2. Nf3 g6 3. c4 Bg7 4. g3 0-0 5. Bg2 d6 6. 0-0 Nbd7 7. Nc3 e5 8. e4 a5 9. h3 exd4 10. Nxd4 Nc5 11. Rb1 Re8 12. Re1 Nfd7 13. f4 Nf8 14. Be3 Nfe6 15. Ndb5 Bd7 16. Kh2 Bc6 17. Nd5 Bxb5 18. cxb5 Qd7 19. a4 Nf8 20. Bd4 f5 21. Bxg7 Qxg7 22. exf5 gxf5 23. Rxe8 Rxe8 24. Qh5 Re6 25. Qxf5 Rg6 26. g4 c6 27. bxc6 bxc6 28. Nc3 Rf6 29. Qg5 Rg6 30. Qd8 h5 31. f5 Qe5+ 32. Kh1 Rf6 33. Bxc6 hxg4 34. Rg1 g3 35. Ne2 Ne4 36. Bxe4 Qxe4+ 37. Rg2 Qb1+ 38. Ng1 Qxf5 39. Rxg3+ Rg6 40. Rxg6+ Qxg6 41. Qxa5 Qe4+ 42. Kh2 Qc2+ 43. Kg3 Qxb2 44. Qd5+ Kg7 45. Nf3 Qa3 46. a5 Ng6 47. Qb7+ Kh6 48. a6 d5 49. Qb6 d4 50. a7 d3 51. Qe3+ Kg7 52. Qd4+ Kh6 53. h4 Qa6 54. h5 d2 55. Qxd2+ Kg7 56. Qd4+ 1-0

[Event "Martinez op-A"]
[Site "Cannes"]
[Date "2000.08.01"]
[Round "4"]
[White "Fittante, Giuliana"]
[Black "Canneva, Florian"]
[Result "0-1"]
[WhiteElo "2020"]
[BlackElo "2083"]
[PlyCount "64"]
[EventDate "2000.07.29"]
[EventType "swiss"]
[EventRounds "9"]
[EventCountry "FRA"]
[SourceTitle "EXT 2001"]
[Source "ChessBase"]
[SourceDate "2000.11.22"]
[SourceVersion "1"]
[SourceVersionDate "2000.11.22"]
[SourceQuality "1"]

1. d4 Nf6 2. Nf3 g6 3. e3 Bg7 4. Be2 0-0 5. c4 d6 6. Nc3 Nbd7 7. 0-0 e5 8. Qc2 c6 9. b3 Ne8 10. dxe5 dxe5 11. Ba3 c5 12. Rad1 b6 13. Bb2 Bb7 14. Nd5 Nc7 15. e4 Ne6 16. Bc1 Nd4 17. Nxd4 exd4 18. f4 Nf6 19. Bf3 Nxd5 20. exd5 Qd7 21. g3 Rae8 22. Bg2 Re7 23. f5 Rfe8 24. fxg6 fxg6 25. Bf3 Bc8 26. Bg5 Rf7 27. d6 Rxf3 28. Rxf3 Bb7 29. Rdf1 Bxf3 30. Rxf3 Qxd6 31. Bf4 Qe6 32. Kf2 Qe1+ 0-1

[Event "Cannes op"]
[Site "Cannes"]
[Date "2000.02.22"]
[Round "3"]
[White "Teychene, Jean Louis"]
[Black "Canneva, Florian"]
[Result "1/2-1/2"]
[WhiteElo "2129"]
[BlackElo "2072"]
[PlyCount "56"]
[EventDate "2000.02.20"]
[EventType "swiss"]
[EventRounds "9"]
[EventCountry "FRA"]
[SourceTitle "EXT 2001"]
[Source "ChessBase"]
[SourceDate "2000.11.22"]
[SourceVersion "1"]
[SourceVersionDate "2000.11.22"]
[SourceQuality "1"]

1. d4 Nf6 2. c4 g6 3. g3 Bg7 4. Bg2 0-0 5. Nc3 d6 6. Nf3 Nbd7 7. 0-0 e5 8. e4 Nh5 9. dxe5 Nxe5 10. Nxe5 Bxe5 11. Be3 Be6 12. Qe2 Qd7 13. Nd5 f5 14. f4 Bg7 15. Rad1 fxe4 16. Bxe4 Bg4 17. Bf3 Bxf3 18. Qxf3 Rae8 19. Bd4 Bxd4+ 20. Rxd4 Qg7 21. Rd2 Re6 22. Qd3 c6 23. Nc3 Qe7 24. Rff2 Rff6 25. Rde2 Rxe2 26. Rxe2 Re6 27. Rxe6 Qxe6 28. Qe4 Kf7 1/2-1/2

[Event "Cannes op"]
[Site "Cannes"]
[Date "2000.02.21"]
[Round "2"]
[White "Canneva, Florian"]
[Black "Trommsdorf, Fro"]
[Result "0-1"]
[WhiteElo "2072"]
[BlackElo "2215"]
[PlyCount "80"]
[EventDate "2000.02.20"]
[EventType "swiss"]
[EventRounds "9"]
[EventCountry "FRA"]
[SourceTitle "EXT 2001"]
[Source "ChessBase"]
[SourceDate "2000.11.22"]
[SourceVersion "1"]
[SourceVersionDate "2000.11.22"]
[SourceQuality "1"]

1. e4 c5 2. Nf3 d6 3. d4 cxd4 4. Nxd4 Nf6 5. Nc3 a6 6. Bg5 e6 7. Qd2 h6 8. Be3 Ng4 9. 0-0-0 Bd7 10. Be2 Nxe3 11. Qxe3 Be7 12. f4 Nc6 13. Nf3 Rc8 14. Kb1 Qa5 15. Bc4 Qb4 16. Bb3 Na5 17. e5 Nxb3 18. exd6 Bxd6 19. Qd3 Na5 20. Qxd6 Qxd6 21. Rxd6 Nc4 22. Rd4 Ke7 23. Rhd1 Rhd8 24. R1d3 Be8 25. b3 Rxd4 26. Nxd4 Nd6 27. Nf3 f6 28. Nd4 Bg6 29. Re3 Nf5 30. Rxe6+ Kf7 31. Nce2 Nxd4 32. Nxd4 Rd8 33. Rb6 Rxd4 34. Rxb7+ Kg8 35. Ra7 Rd2 36. g4 Bxc2+ 37. Kc1 Rxh2 38. Rxa6 Be4 39. a4 Rc2+ 40. Kd1 Rb2 0-1

[Event "FRA-chT U18 9798"]
[Site "France"]
[Date "1997.??.??"]
[Round "10"]
[White "Guernier, Antoine"]
[Black "Canneva, Florian"]
[Result "1/2-1/2"]
[WhiteElo "1810"]
[BlackElo "1640"]
[PlyCount "103"]
[EventDate "1997.??.??"]
[EventType "team"]
[EventRounds "11"]
[EventCountry "FRA"]
[SourceTitle "EXT 2001"]
[Source "ChessBase"]
[SourceDate "2000.11.22"]
[SourceVersion "1"]
[SourceVersionDate "2000.11.22"]
[SourceQuality "1"]

1. e4 c6 2. d4 d5 3. Nc3 dxe4 4. Nxe4 Nf6 5. Nxf6+ gxf6 6. c3 Bf5 7. Bf4 e6 8. Bd3 Bg6 9. Ne2 Bd6 10. Bg3 Qc7 11. 0-0 Nd7 12. b4 0-0-0 13. a4 Rhg8 14. c4 h5 15. Bxd6 Qxd6 16. b5 Bxd3 17. Qxd3 Ne5 18. Qc3 Ng4 19. Qg3 Qxg3 20. Nxg3 f5 21. bxc6 bxc6 22. Rab1 h4 23. Ne2 Nf6 24. Rb2 Kc7 25. Rfb1 Rb8 26. Nc3 Rxb2 27. Rxb2 Rd8 28. Rd2 Ne4 29. Nxe4 fxe4 30. Kf1 c5 31. d5 exd5 32. cxd5 Kd6 33. Rb2 Rd7 34. Rd2 Ke5 35. Rb2 Kxd5 36. Ke2 Kc4 37. Ke3 f5 38. Kf4 Kc3 39. Rb5 Rd5 40. Kg5 Kc4 41. Kxh4 Rd2 42. Kg3 Ra2 43. Ra5 Kb4 44. Rb5+ Kc4 45. Ra5 f4+ 46. Kxf4 Rxf2+ 47. Kxe4 Rxg2 48. Rxa7 Rxh2 49. a5 Ra2 50. a6 Kb5 51. Kd3 Ra3+ 52. Kc2 1/2-1/2